| 000 | 00476nam a2200181 4500 | ||
|---|---|---|---|
| 003 | AR-RoIUNI | ||
| 005 | 20250625164246.0 | ||
| 008 | 250625b |||||||| |||| 00| 0 spa d | ||
| 040 | _cAR-RoIUNI | ||
| 080 | _a150.195.092 | ||
| 100 | _aRey, Pierre. | ||
| 245 |
_aUna temporada con Lacan / _bTraduccion del frances por : Carlos Pujol. |
||
| 260 |
_aBuenos Aires _bSeix Barral. _c1992. |
||
| 300 | _a189 p | ||
| 650 |
_aPSICOLOGIA _9108 |
||
| 650 | _aLACAN | ||
| 942 |
_2cdu _cBK |
||
| 999 |
_c6078 _d6078 |
||